000 00639nam a2200193Ii 4500
003 JO-AjNU
008 230605s9999||||xx |||||||||||||| ||und||
040 _aJO-AjNU
_bara
_erda
_cJO-AjNU
041 _aara
050 1 4 _aQA76.9.C65.R3538 2007
100 3 _aرمضان ، حسام بن محمد,
_eauthor
_927659
245 0 0 _aاساسيات المحاكاة الحاسوبية
264 3 1 _aالرياض,مكتبة الملك فهد ، 2000
300 _a196ص
336 _atext
_btxt
_2rdacontent
337 _aunmediated
_bn
_2rdamedia
338 _avolume
_bnc
_2rdacarrier
650 4 _aالمحاكاة الحاسوبية
_927660
999 _aA10636
_c14204
_d14204